The passion of the western mind : understanding the ideas that have shaped our world view (Record no. 62988)

MARC details
000 -LEADER
fixed length control field 00774nam a2200241Ia 4500
008 - FIXED-LENGTH DATA ELEMENTS--GENERAL INFORMATION
fixed length control field 191130s2000##################000#0#eng##
020 ## - INTERNATIONAL STANDARD BOOK NUMBER
ISBN 9780712673327
082 ## - DEWEY DECIMAL CLASSIFICATION NUMBER
Classification number 190 TAR
100 ## - MAIN ENTRY--AUTHOR NAME
Personal name Tarnas, Richard
245 ## - TITLE STATEMENT
Title The passion of the western mind : understanding the ideas that have shaped our world view
Statement of responsibility, etc Richard Tarnas
250 ## - EDITION STATEMENT
Edition statement Reprint
260 ## - PUBLICATION, DISTRIBUTION, ETC. (IMPRINT)
Place of publication London
Name of publisher PIMLICO
Year of publication 2000
300 ## - PHYSICAL DESCRIPTION
Number of Pages xii, 544 p. ; 23 cm
500 ## - GENERAL NOTE
General note Includes bibliographical references (p.[494]-512) and index
650 ## - SUBJECT ADDED ENTRY--TOPICAL TERM
Topical Term Civilization, Western
Topical Term Consciousness -- History
Topical Term Philosophy -- History
Topical Term Religion and science -- History
991 ## -
-- 61045
Holdings
Withdrawn status Lost status Damaged status Not for loan Home library Current library Shelving location Date acquired Full call number Accession Number Price effective from Koha item type
        Anna Centenary Library Anna Centenary Library 3RD FLOOR, A WING 09.10.2020 190 TAR 338826 09.10.2020 English Books

Find us on the map